000 00416nam a22001697a 4500
003 OSt
005 20211101151251.0
008 211101b |||||||| |||| 00| 0 eng d
020 _a0131172581
040 _cHU
082 _a305.8/KRO
100 _aSTEPHEN D. KEROEGER
_916492
245 _aEXPLORING DIVERSITY A VIDEO CASE APPRACH
260 _aNEW JERSEY
_bHALL
_c2004
300 _a108P
942 _2ddc
_cBOOKS
_n0
999 _c16129
_d16129